000 01757cam a22004454i 4500
003 PE-LiUPU
005 20250731172724.0
008 150617s1998 cl r 000 0 spa d
035 _a(Sirsi) a11170
040 _aPE-LiUPU
_bspa
_cPE-LiUPU
_erda
049 _aPRUA
082 0 4 _a244
_bG31
_221
100 1 _aGerber, N.,
_eautor.
245 1 0 _aEn los dias de Abo-el-Kader /
_cN. Gerber.
264 1 _aSantiago :
_bLibrería el Lucero,
_c[1998]
300 _a128 páginas ;
_c16 centímetros
336 _atext
_2rdacontent
337 _aunmediated
_2rdamedia
338 _avolume
_2rdacarrier
505 0 _aComo Osvaldo dejo su hogar -- Osvaldo trata de escaparse -- Cómo Osvaldo encontró a su padre -- Otro prisionero Francés -- El hijo de sheik -- Un espía en el campamento -- Salvados de un gran pedido -- El regreso de los cautivos -- El ataque a la tribu de Ufilah -- Ben-Mansor -- Una tradición de la tribu de Ufilah -- La tribu de Melinah -- Una feliz reunión.
526 _aSEG42
526 _aSEG41
526 _aSEG40
526 _aSEG39
526 _aP94
526 _aP87
526 _aP86
526 _aP85
526 _aP77
526 _aP76
526 _aP35
650 0 4 _aSociedades primitivas (Relatos).
910 _ajck
_bjvq
_cjck
_d20150616
942 _2ddc
_cBOOK
949 _a244 G31
_wDEWEY
_c1
_i02826
_lCCODEBUL1
_mBUL
_p00.00
_r0
_sY
_tBOOK
_u2015-04-21
_xTEOLOGIA
_PP35
_0COMPRA
_o.STAFF. Colección General
994 _aC0
_bPEPRU
596 _a1
999 _a244 G31
_wDEWEY
_c1293
_i02826
_d1293
_e2015-9-1
_f2021-11-11
_g5
_lCCODEBUL1
_mBUL
_n1
_p10.00
_r0
_sY
_tBOOK
_u2015-4-21
_xTEOLOGIA
_PP35
_0COMPRA
_o.STAFF. Colección Teología
980 _81
_gALBERTO SANCHEZ Responsable de Automatización